| 000 | 01344nam a2200253Ia 4500 | ||
|---|---|---|---|
| 003 | Ost | ||
| 005 | 20260507075153.0 | ||
| 008 | 260507s9999||||xx |||||||||||||| ||und|| | ||
| 020 | _a9296169957 | ||
| 040 | _cfsecg | ||
| 041 | _aara | ||
| 082 | _a330 | ||
| 100 |
_aالعكيلي، عزيز _eمؤلف |
||
| 245 | 0 |
_aالوسيط في الشركات التجارية : _bدراسة فقهية قضائية مقارنة في الاحكام العامة و الخاصة / _c عزيز العكيلي |
|
| 250 | _aطبعة 2 | ||
| 260 |
_aعمان: _bدار الثقافة, _c2010 |
||
| 300 |
_a601 صفحة؛ _c24 سم |
||
| 504 | _aمراجع ص.579 ؛ الملاحق ص.551 | ||
| 520 | _aالاحكام العامة للشركات ، شركة التضامن ، شركة المحاصة ، الشركة المساهمة الخاصة ، الشركة القابضة ، شركة التوصية البسيطة ، شركة التوصية بالاسهم ، الشركة ذات المسؤولية المحدودة ، شركة الاستثمار المشترك ، الشركة المعفاة ، الشركة الاجنبية العاملة في المملكة و غير العاملة في المملكة | ||
| 653 | _aالشركات | ||
| 653 | _aالشركات التجارية | ||
| 653 | _aشركات التضامن | ||
| 942 | _cكتاب | ||
| 999 |
_c43355 _d43355 |
||